00576cam a2200157 a 4500020001500000040000800015082002600023100002200049245008300071260008300154300004400237650002500281650002500306700002500331710006200356 a9291152331 cDLC00a333 ICI 2000 C165 Or.1 aBlaikie, Piers M.10aPolicy in high places :benvironment and development in the Himalayan Region / aKathmandu :bInternational Centre for Integrated Mountain Development,cc2000. a209 p. :bcol. ill., col. map ;c25 cm. 0aEconomic development 0aEnvironmental policy1 aSadeque, Syed Zahir.2 aInternational Centre for Integrated Mountain Development.